Centrum chorvátskej kultúry, Jarovce
Uložené v:
| Hlavný autor: | |
|---|---|
| Ďalší autori: | |
| Médium: | Rukopis Kniha |
| Jazyk: | Slovak |
| Vydavateľské údaje: |
2025
|
| Predmet: | |
| On-line prístup: | http://is.stuba.sk/zp/portal_zp.pl?podrobnosti=168260 |
| Tagy: |
Žiadne tagy, Buďte prvý, kto otaguje tento záznam!
|
MARC
| LEADER | 00000ntm a22000003a 4500 | ||
|---|---|---|---|
| 001 | stuzp105185 | ||
| 003 | SK-STU | ||
| 005 | 20250614213652.5 | ||
| 007 | ta | ||
| 008 | 150427s2015----xo-----f-mn---000-0-slo-d | ||
| 040 | |a STU |b slo | ||
| 041 | 0 | |a slo | |
| 100 | 1 | |a Jóna, Réka |u 054140 |4 aut |U FAD Fakulta architektúry a dizajnu |T FAD Ústav konštrukcií v architektúre a inžinierskych stavieb |X 115595 |U A4140 |Y 395 |7 115595 | |
| 242 | 0 | 1 | |a Croatian Cultural Center, Jarovce |y eng |
| 245 | 1 | 0 | |a Centrum chorvátskej kultúry, Jarovce |
| 260 | |c 2025 | ||
| 650 | 4 | |a public space |2 eng | |
| 650 | 4 | |a arch |2 eng | |
| 650 | 4 | |a passage |2 eng | |
| 650 | 4 | |a history |2 eng | |
| 650 | 4 | |a culture |2 eng | |
| 650 | 4 | |a verejný priestor |2 slo | |
| 650 | 4 | |a oblúk |2 slo | |
| 650 | 4 | |a história |2 slo | |
| 650 | 4 | |a pasáž |2 slo | |
| 650 | 4 | |a kultúra |2 slo | |
| 700 | 1 | |a Rolenčíková, Gabriela |u 054140 |k Z9 |4 ths |U FAD Fakulta architektúry a dizajnu |T FAD Ústav konštrukcií v architektúre a inžinierskych stavieb |X 49516 |U A4140 |Y 395 |7 49516 | |
| 856 | 4 | |u http://is.stuba.sk/zp/portal_zp.pl?podrobnosti=168260 | |